Представление документа в формате MARC21

Поле Инд. ПП Название Значение
Тип записи a
Библиографический уровень m
001 Контрольный номер 941c677035af4b27b3005eafb57e6e69
005 Дата корректировки 20170328154104.0
008 Кодируемые данные 050606
020 a ISBN 5-94836-033-4
a ISBN 1-56881-095-4 (нем.)
c Цена, тираж 150.00
040 a Служба первич. каталог. НБ ТвГУ
041 a Код языка текста rus
080 a Индекс УДК 517.443(075.8)
080 a Индекс УДК 621.391(075.8)
084 a Индекс другой классификации/Индекс ББК В161.2я73-1
084 a Индекс другой классификации/Индекс ББК З811.3я73-1
090 a Полочн. индекс В161.2
x Авторский знак Б68
100 1_ a Автор Блаттер Кристиан
245 10 a Заглавие Вейвлет-анализ. Основы теории
b Продолж. заглавия учеб. пособие для студентов, обучающихся по направлению подгот. "Прикл. математика"
c Ответственность К. Блаттер ; пер. с нем. Т. Э. Кренкеля ; под ред. А. Г. Кюркчана
260 0_ a Место издания Москва
b Издательство Техносфера
c Дата издания 2004
300 a Объем 273 с.
b Иллюстрации/ тип воспроизводства ил.
440 a Серия Мир математики : цифровая обраб. сигналов
504 a Библиография Библиогр.: с. 234-235, в конце примеч. - Предм. указ.: с. 272-273.
583 a Действие Получение впервые 292 12.10.2005
k Исполнитель действия ООО "Книжный мир"
650 a Основная рубрика Вейвлеты
650 a Основная рубрика Вейвлет-анализ
x Основная подрубрика Учебники для вузов
653 a Ключевые слова Вейвлет-анализ
a Ключевые слова Вейвлеты
a Ключевые слова Обработка сигналов
a Ключевые слова Сигналы
a Ключевые слова Теория вейвлетов
700 1_ a Другие авторы Кренкель Т. Э.
e Роль лиц пер.
700 1_ a Другие авторы Кюркчан А. Г.
e Роль лиц ред.
852 t Порядковый номер экземпляра 1
p Инвентарный номер 820122
863 t 00110303
888 a За счет средств университета
930 a Новая/Ретро учебники
952 p 292.2005 150.00 1 820122
c Вид литературы К ру
954 a Дата поступления на обработку 20060206
999 a Подразделение 2 Фил3